Literatur: Geschichte und Theorie

Enregistré dans:
Détails bibliographiques
Auteur principal: Söring, Jürgen
Format: Livre
Langue:Undetermined
Publié: Stuttgart, Alemania Kohlhammer 1976
Sujets:
Tags: Ajouter un tag
Pas de tags, Soyez le premier à ajouter un tag!

MARC

LEADER 00000nam a2200000Ia 4500
008 170316s9999 xx 000 0 und d
040 |a cru BVZT 
090 |a 830 S-7L 
100 |a Söring, Jürgen 
245 |a Literatur: Geschichte und Theorie 
260 |a Stuttgart, Alemania  |b Kohlhammer  |c 1976 
300 |a 188 páginas 
650 |a LITERATURA ALEMANA 
650 |a EN IDIOMA ESPAÑOL 
999 |c 7434  |d 7434 
942 |c 15 D  |h 830 S-7L  |2 z